1726 1924 1740 1312 1357 1276 1259 1058 1049 1286 1070 1189 1309 1897 1034 1576 1914 1466 1873 1849 1188 1849 1576 1846 1715 1945 1900 1917 1919 1575 1299 1714 1651 1867 1958 1754 1841 1593 1511 1043 1570 1010 1121 1678 1741 1994 1404 1252 1886 1579 1835 1989 1936 1091 1019 1673 1122 1057 1610 1284 1989 1389 1984 1448 1760 1712 1360 1269 1282 1743 1495 1891 1097 1862 1684 1057 1422 1065 1088 1274 1540 1443 1688 1196 1072 1271 1354 1184 1110 1159 1191 1468 1664 1018 1047 1601 1280 1488 1755 BCNSPRNW ULIB Ver.6.0+V

เปลี่ยนเป็นภาษาไทย

Change to English
 แสดงรายละเอียดบรรณานุกรม
  กลับหน้าหลัก

Brief Record : Get Marc (ISO 2709) : E-mail record : QR code < ปิดหน้าต่าง
LEADER : 00000nam 2200000uu 4500
001    13399111877
003     ULIB
008    110627s2552||||th 000 0 tha d
020    9789742126971
090    นว.^bว918G 2552
100 0  เวสต์ แคลร์
245 00 Gulliver s Travels กัลลิเวอร์ผจญภัยสุดขอบโลก/^cเวสต์ แคลร์
250    พิมพ์ครั้งที่ 1
260    กรุงเทพฯ :^bซีเอ็ดยูเคชั่น,^c2552
300    104 หน้า
945    ^p105^l0^i028469
995    ทศพร
999 ^a ใช้งานได้ทุกระบบ
รายการนี้ยังไม่มีแท็ก
คุณยังไม่ได้ล็อกอิน คุณสามารถมีกิจกรรมร่วมกับเว็บไซต์ได้ แต่ต้องล็อกอินก่อน ::
  ล็อกอิน

รายการสื่อสารสนเทศ

ลำดับที่ ประเภท เลขเรียก/บาร์โค้ด สถานที่ สถานะ
- ไม่พบข้อมูล -

รายการใกล้เคียง
    ผู้แต่ง [เวสต์ แคลร์]

BibComment


ยังไม่เคยถูกคอมเมนท์

คอมเมนท์ทรัพยากรรายการนี้
  คอมเมนท์: Gulliver s Travel..


 Copyright 2026. Bcnsprnw @Library